Science Quiz

Random Science or Clickable Quiz

Alkane Carbon Match I Quiz Stats

 Plays Quiz not verified by Sporcle

Also try: Quark Flavors
Challenge
Share
Tweet
Score 0/10 Timer 05:00
0 Plays Today
% Correct
hexane
87.7%
2,2-dimethylheptane
85.1%
1,2,3,4-tetramethylcyclohexane
82.4%
2-bromobutane
82.4%
cyclopropane
82%
pentylcyclohexane
66.3%
4,4-dimethyl-5-(1-methylpropyl)nonane
58.2%
3-ethyl-5-(1-methylethyl)-6-propyldodecane
55.2%
1,2-dimethyl-3-(1,2,2-trimethylbutyl)cyclooctane
54%
trans-1-ethyl-2-methylcyclobutane
50.6%

You're not logged in!

Compare scores with friends on all Sporcle quizzes.
OR
Log In

You Might Also Like...

Show Comments

Extras

Created Sep 30, 2014ReportNominate
Tags:Clickable Quiz, alkane, atom, carbon

Top Quizzes Today


Score Distribution

Your Account Isn't Verified!

In order to create a playlist on Sporcle, you need to verify the email address you used during registration. Go to your Sporcle Settings to finish the process.

Report this User

Report this user for behavior that violates our Community Guidelines.

Details: